BILATERAL AND REGIONAL TRADE AGREEMENTS:CIMMENTARY AND ANALYSIS (Record no. 7837)

MARC details
000 -LEADER
fixed length control field 00453nam a22001697a 4500
005 - DATE AND TIME OF LATEST TRANSACTION
control field 20210904143239.0
008 - FIXED-LENGTH DATA ELEMENTS--GENERAL INFORMATION
fixed length control field 210823b ||||| |||| 00| 0 eng d
020 ## - INTERNATIONAL STANDARD BOOK NUMBER
ISBN 9780521878272
041 ## - LANGUAGE CODE
Language code of text/sound track or separate title eng
082 ## - DEWEY DECIMAL CLASSIFICATION NUMBER
Classification number 382.9
100 ## - MAIN ENTRY--AUTHOR NAME
Personal name SIMON, LESTER AND MERCURIO, BRYAN
245 ## - TITLE STATEMENT
Title BILATERAL AND REGIONAL TRADE AGREEMENTS:CIMMENTARY AND ANALYSIS
260 ## - PUBLICATION, DISTRIBUTION, ETC. (IMPRINT)
Name of publisher CAMBRIDGE UNIVERSITY
Year of publication 2009
300 ## - PHYSICAL DESCRIPTION
Number of Pages 436,p
650 ## - SUBJECT ADDED ENTRY--TOPICAL TERM
Topical Term LAW
942 ## - ADDED ENTRY ELEMENTS (KOHA)
Koha item type Books
Holdings
Lost status Damaged status Collection code Home library Current library Shelving location Date acquired Source of acquisition Full call number Accession Number Koha item type
    LAW JRU Library JRU Library SHELF-30-E 23/08/2021 PURCESS 382.9 25861 Books